Viaggio nell'etá del Bronzo: egnazia tra Coppa Nevigata e Punta le Terrae
Uloženo v:
| Hlavní autor: | |
|---|---|
| Médium: | Kniha |
| Jazyk: | italština |
| Vydáno: |
Roma
Ministero per i Beni e le Attivitá Culturali
2010
|
| Témata: | |
| Tagy: |
Přidat tag
Žádné tagy, Buďte první, kdo vytvoří štítek k tomuto záznamu!
|
MARC
| LEADER | 00000cam a2200000 a 4500 | ||
|---|---|---|---|
| 001 | UCD9145 | ||
| 003 | CL-VaPUC | ||
| 005 | 20210624001306.0 | ||
| 008 | 170602e20100000it |||||||||||||||||ita|d | ||
| 999 | |c 368418 |d 368416 | ||
| 040 | |c Pontificia Universidad Católica de Valparaíso | ||
| 082 | 0 | 4 | |a 930.15 CIN 2010 |2 21 |
| 100 | 0 | |a Cinquepalmi, Angela |9 592836 | |
| 245 | 1 | 0 | |a Viaggio nell'etá del Bronzo: egnazia tra Coppa Nevigata e Punta le Terrae |
| 260 | |a Roma |b Ministero per i Beni e le Attivitá Culturali |c 2010 | ||
| 300 | |a 26 páginas | ||
| 583 | |a last modification |c 20170602 23:29:00 |k Rodrigo Vera | ||
| 650 | 7 | |a EDAD DE BRONCE |2 CL-VaPUC |9 592837 | |
| 650 | 0 | |a Historia antigua |9 267521 | |
| 650 | 0 | |a Desarrollo cultural |9 267526 | |
| 942 | |c BK |2 ddc | ||
| 945 | |d 20170602 23:29:00 |a arojas | ||
| 952 | |0 0 |1 0 |2 ddc |3 erb |4 0 |6 930_150000000000000_CIN_2010 |7 0 |8 A |9 483726 |a FDOLAF |b FDOLAF |e Laffi, Umberto, 1939- |i 5394430 |o 930.15 CIN 2010 |p 5394430 |r 2024-01-30 |t 1 |w 2019-11-24 |y BK |z Catalogado en:20170602 |k LAF | ||